000
00298nam a2200145Ia 4500
100
_a
Hajra Choudhury/S.K
942
_c
BK
654
_a
Management
245
_a
Production Management
260
_b
M.P.P
_c
1990
082
_a
658.5
_b
HAJ/ROY
300
_a
524
546
_a
ENGLISH
999
_c
34287
_d
34287